000 00436nam a2200169Ia 4500
003 LK-CoDNM
008 010623t2011 xxu||||| |||| 00| 1 sin d
040 _aLK-CoDNM
_dLK-CoDNM
_eLK-CoDNM
041 _asin
080 _a133.52 RAT
100 _aRatuvithana,Piyasena
245 _aදශා විග්‍ර‍හය
246 _aDasha Wiggrahaya
260 _bAuthors
_aPiliyandala
_c2011
300 _b121, 21 cm
942 _cBK
999 _c131091
_d131091